Chudoba pracujúcich na Slovensku

Populácia chudobných pracujúcich v Slovenskej republike. Analýza vykonaná za roky 2007 a 2017 a zameraná na identifikáciu faktorov, ktoré ovplyvňujú šance pracujúceho jednotlivca byť ohrozený chudobou. Model logistickej regresie a Chí-kvadrát test nezávislosti. Dosiahnuté výsledky z výberového prier...

Celý popis

Uložené v:
Podrobná bibliografia
Hlavný autor: Labudová, Viera, 1958-
Ďalší autori: Mundier, Marek
Médium: Kapitola
Jazyk:Slovak
Predmet:
Tagy: Pridať tag
Žiadne tagy, Buďte prvý, kto otaguje tento záznam!

MARC

LEADER 00000naa$a2200000$$$4500
001 0281241
005 20240502083904.2
041 0 |a slo 
044 |a CZ 
245 1 0 |a Chudoba pracujúcich na Slovensku  |c Viera Labudová, Marek Mundier 
520 |a Populácia chudobných pracujúcich v Slovenskej republike. Analýza vykonaná za roky 2007 a 2017 a zameraná na identifikáciu faktorov, ktoré ovplyvňujú šance pracujúceho jednotlivca byť ohrozený chudobou. Model logistickej regresie a Chí-kvadrát test nezávislosti. Dosiahnuté výsledky z výberového prierezového komponentu EU SILC poskytnutého Štatistickým úradom SR. 
610 2 0 |a chudoba 
610 2 0 |a chudobní 
610 2 0 |a zamestnanie 
610 2 0 |a zamestnanci 
610 2 0 |a Európska únia 
100 1 |a Labudová, Viera, 1958- 
700 1 |a Mundier, Marek